000 00710nam a22002171c 4500
001 a987692276
008 190627s2018 gw |||| 000u ger d
020 _a9783742502636
_9978-3-7425-0263-6
041 _ager
100 1 _aPochop, Geralf
245 0 0 _aUntergrund war Strategie :
_bPunk in der DDR zwischen Rebellion und Repression
250 _aSonderausgabe für die Bundeszentrale für politische Bildung
264 _aBonn :
_bbpb, Bundeszentrale für politische Bildung,
_c2018
300 _a200 Seiten
650 0 _aPunk
651 0 _aDeutschland (DDR)
942 _cMG
040 _cRU-10907106
003 RU-10907106
999 _c28624
_d28624
490 0 _aSchriftenreihe / Bundeszentrale für Politische Bildung
_v10263